Монах или Пагубныя следствия пылких страстей (Запись № 6098389)
[ простой вид ]
| 000 -МАРКЕР | |
|---|---|
| контрольное поле | 03579nam1a22005531i 4500 |
| 001 - ИДЕНТИФИКАТОР ЗАПИСИ | |
| контрольное поле | v19\rc\2101975 |
| 005 - ИДЕНТИФИКАТОР ВЕРСИИ | |
| контрольное поле | 20260408083754.0 |
| 035 ## - ДРУГИЕ СИСТЕМНЫЕ НОМЕРА | |
| Идентификатор записи | (NLR Aleph) 005281022 |
| 100 ## - ДАННЫЕ ОБЩЕЙ ОБРАБОТКИ | |
| Данные общей обработки | 20090914g18021803m y0rusy50 ca |
| 101 1# - ЯЗЫК РЕСУРСА | |
| Язык текста, звукозаписи и т.д. | русский |
| Язык промежуточного перевода | французский |
| Язык оригинала | английский |
| 102 ## - СТРАНА ПУБЛИКАЦИИ ИЛИ ПРОИЗВОДСТВА | |
| Страна публикации | Российская Федерация |
| 140 ## - ПОЛЕ КОДИРОВАННЫХ ДАННЫХ: СТАРОПЕЧАТНЫЕ ИЗДАНИЯ - ОБЩАЯ ИНФОРМАЦИЯ | |
| Кодированные данные о старопечатном издании - Основные | a у cma zzy |
| 200 1# - ЗАГЛАВИЕ И СВЕДЕНИЯ ОБ ОТВЕТСТВЕННОСТИ | |
| Основное заглавие | Монах или Пагубныя следствия пылких страстей |
| Первые сведения об ответственности | сочинение славной г. Радклиф |
| Последующие сведения об ответственности | переведено с французскаго И. Пвнкв [Павленковым] и И. Рслкв [Росляковым] |
| 210 ## - ПУБЛИКАЦИЯ, РАСПРОСТРАНЕНИЕ И ДР. | |
| Место издания, распространения и т.д. | В Санктпетербурге |
| Имя издателя, распространителя и т. д. | при Императорской Академии наук |
| Дата издания, распространения и т.д. | 1802-1803 |
| 215 ## - ФИЗИЧЕСКАЯ ХАРАКТЕРИСТИКА | |
| Размеры | 12° |
| 300 ## - ОБЩИЕ ПРИМЕЧАНИЯ | |
| Текст примечания | Ценз.: С.Н. Завалиевский (ч.1,2); С.С. Кушников (ч.3,4) |
| 300 ## - ОБЩИЕ ПРИМЕЧАНИЯ | |
| Текст примечания | В рус. пер. авторство ошибочно приписывалось А. Радклиф. |
| 300 ## - ОБЩИЕ ПРИМЕЧАНИЯ | |
| Текст примечания | Пер.: И. Павленков, И. Росляков. |
| 300 ## - ОБЩИЕ ПРИМЕЧАНИЯ | |
| Текст примечания | Список подписч. на с.I-VI ч.4. |
| 300 ## - ОБЩИЕ ПРИМЕЧАНИЯ | |
| Текст примечания | Книгопродач. объявл. И.П. Глазунова на с.[1-2] ч.1. |
| 300 ## - ОБЩИЕ ПРИМЕЧАНИЯ | |
| Текст примечания | На тит. л. авт. г. Радклиф указана ошибочно, в действительности авт. является Льюис Мэтью Грегори |
| 300 ## - ОБЩИЕ ПРИМЕЧАНИЯ | |
| Текст примечания | Имеются ошибки в колонцифрах. С.145 ч.3 ошибочно помечена: 144 |
| 300 ## - ОБЩИЕ ПРИМЕЧАНИЯ | |
| Текст примечания | Имеются подстроч. примеч. |
| 300 ## - ОБЩИЕ ПРИМЕЧАНИЯ | |
| Текст примечания | Сюжет. ил. Офорт с резцом |
| 300 ## - ОБЩИЕ ПРИМЕЧАНИЯ | |
| Текст примечания | Имеется тит. изд.: Монах францисканской, или Пагубныя следствия пылких страстей. |
| 300 ## - ОБЩИЕ ПРИМЕЧАНИЯ | |
| Текст примечания | Рец.: Московский Меркурий. 1803. №3. С.218-223. |
| 321 1# - ПРИМЕЧАНИЯ ОБ ОТДЕЛЬНО ИЗДАННЫХ УКАЗАТЕЛЯХ / РЕФЕРАТАХ / ССЫЛКАХ, ОТРАЖАЮЩИХ КАТАЛОГИЗИРУЕМЫЙ ДОКУМЕНТ | |
| Примечания об указателях, рефератах, ссылках | СК 1801-1825 4655 |
| 488 #1 - ДРУГИЕ ВЗАИМОСВЯЗАННЫЕ ПРОИЗВЕДЕНИЯ (ДОКУМЕНТЫ) | |
| Встроенное поле | 200##$aМонах францисканской, или Пагубныя следствия пылких страстей. |
| Заглавие | Монах францисканской, или Пагубныя следствия пылких страстей. |
| 517 0# - ДРУГИЕ ВАРИАНТЫ ЗАГЛАВИЯ | |
| Вариант заглавия | Пагубныя следствия пылких страстей |
| 518 ## - ЗАГЛАВИЕ В СТАНДАРТНОМ СОВРЕМЕННОМ ПРАВОПИСАНИИ | |
| Основное заглавие, вариант заглавия или унифицированное заглавие | Монах или Пагубные следствия пылких страстей |
| 518 ## - ЗАГЛАВИЕ В СТАНДАРТНОМ СОВРЕМЕННОМ ПРАВОПИСАНИИ | |
| Основное заглавие, вариант заглавия или унифицированное заглавие | Пагубные следствия пылких страстей |
| 620 ## - МЕСТО И ДАТА ПУБЛИКАЦИИ, ИСПОЛНЕНИЯ И Т. Д. | |
| Город | Санкт-Петербург |
| 700 #1 - ИМЯ ЛИЦА - ПЕРВИЧНАЯ ОТВЕТСТВЕННОСТЬ | |
| Графика поля | Кириллица |
| Материалы, к которым относится поле | rus |
| Начальный элемент ввода | Льюис |
| Часть имени, кроме начального элемента ввода | М. Г. |
| Даты | 1775-1818 |
| Расширение инициалов личного имени | Мэтью Грегори |
| Системный номер авторитетной/нормативной записи | 242598 |
| Идентификатор авторитетной/нормативной записи | RU\NLR\AUTH\770242654 |
| 702 #1 - ИМЯ ЛИЦА - ВТОРИЧНАЯ ОТВЕТСТВЕННОСТЬ | |
| Начальный элемент ввода | Завалиевский |
| Часть имени, кроме начального элемента ввода | С.Н. |
| Даты | ок.1767-1831 |
| Расширение инициалов личного имени | Степан Никитич |
| Код отношения | Цензор |
| 702 #1 - ИМЯ ЛИЦА - ВТОРИЧНАЯ ОТВЕТСТВЕННОСТЬ | |
| Код отношения | Цензор |
| Графика поля | Кириллица |
| Материалы, к которым относится поле | rus |
| Начальный элемент ввода | Кушников |
| Часть имени, кроме начального элемента ввода | С. С. |
| Даты | 1765-1839 |
| Расширение инициалов личного имени | Сергей Сергеевич |
| Системный номер авторитетной/нормативной записи | 184020 |
| Идентификатор авторитетной/нормативной записи | RU\NLR\AUTH\770184071 |
| 702 #1 - ИМЯ ЛИЦА - ВТОРИЧНАЯ ОТВЕТСТВЕННОСТЬ | |
| Связь между полями | z01790 |
| Начальный элемент ввода | Павленков |
| Часть имени, кроме начального элемента ввода | И. |
| Код отношения | Переводчик |
| 702 #1 - ИМЯ ЛИЦА - ВТОРИЧНАЯ ОТВЕТСТВЕННОСТЬ | |
| Связь между полями | z02790 |
| Начальный элемент ввода | Росляков |
| Часть имени, кроме начального элемента ввода | И. |
| Код отношения | Переводчик |
| 702 #1 - ИМЯ ЛИЦА - ВТОРИЧНАЯ ОТВЕТСТВЕННОСТЬ | |
| Код отношения | Книготорговец |
| Графика поля | Кириллица |
| Материалы, к которым относится поле | rus |
| Начальный элемент ввода | Глазунов |
| Часть имени, кроме начального элемента ввода | И. П. |
| Даты | 1762-1831 |
| Расширение инициалов личного имени | Иван Петрович |
| Системный номер авторитетной/нормативной записи | 170958 |
| Идентификатор авторитетной/нормативной записи | RU\NLR\AUTH\770171008 |
| 702 #1 - ИМЯ ЛИЦА - ВТОРИЧНАЯ ОТВЕТСТВЕННОСТЬ | |
| Графика поля | Кириллица |
| Материалы, к которым относится поле | rus |
| Начальный элемент ввода | Радклиф |
| Часть имени, кроме начального элемента ввода | А |
| Даты | 1764-1823 |
| Расширение инициалов личного имени | Анна |
| Системный номер авторитетной/нормативной записи | 17076 |
| Идентификатор авторитетной/нормативной записи | RU\NLR\AUTH\7734070 |
| 712 02 - НАИМЕНОВАНИЕ ОРГАНИЗАЦИИ - ВТОРИЧНАЯ ОТВЕТСТВЕННОСТЬ | |
| Код отношения | Печатник (типограф) |
| Начальный элемент ввода | Императорская типография Вейтбрехта |
| Идентифицирующий признак | Петербург |
| Системный номер авторитетной/нормативной записи | 838690 |
| Идентификатор авторитетной/нормативной записи | RU\NLR\AUTH\8810171428 |
| 790 #1 - ИМЯ ЛИЦА - АЛЬТЕРНАТИВНАЯ ФОРМА | |
| Связь между полями | z01702 |
| Начальный элемент ввода | Пвнкв |
| Часть имени, кроме начального элемента ввода | И. |
| 790 #1 - ИМЯ ЛИЦА - АЛЬТЕРНАТИВНАЯ ФОРМА | |
| Связь между полями | z02702 |
| Начальный элемент ввода | Рслкв |
| Часть имени, кроме начального элемента ввода | И. |
| 801 #0 - ИСТОЧНИК ЗАПИСИ | |
| Страна | Российская Федерация |
| Организация | NLR |
| Дата составления | 20090914 |
| Правила каталогизации | psbo |
| 801 #1 - ИСТОЧНИК ЗАПИСИ | |
| Страна | Российская Федерация |
| Организация | ProSoft-M |
| Дата составления | 20090914 |
| Источник данных | rusmarc |
| 801 #2 - ИСТОЧНИК ЗАПИСИ | |
| Страна | Российская Федерация |
| Организация | NLR |
| Дата составления | 20120320 |
| Источник данных | rusmarc |
| 852 ## - МЕСТОНАХОЖДЕНИЕ И ШИФР ХРАНЕНИЯ | |
| Идентификатор организации | NLR |
| Шифр хранения (Call Number) | 18.258.5.50 (ч.1-4) |
| 942 ## - ДОПОЛНИТЕЛЬНЫЕ ЭЛЕМЕНТЫ ЗАПИСИ (АБИС) | |
| Тип экземпляра АБИС | Книга |
Нет доступных экземпляров.